000 00423nmm a2200145Ia 4500
008 251105s9999||||xx |||||||||||||||||und||
041 _aspa
100 _aGarcía Otero, José Manuel
245 0 _aEl frío anochecer de los espejos
264 _a[Madrid, España] :
_bLantia,
_c2015
300 _a461 páginas
650 _aThriller & Suspense
856 _uhttps://public.digitaliapublishing.com/a/87525
942 _cCF
999 _c105426
_d105426